<?xml version="1.0" encoding="UTF-8"?>
<record
    xmlns:xsi="http://www.w3.org/2001/XMLSchema-instance"
    xsi:schemaLocation="http://www.loc.gov/MARC21/slim http://www.loc.gov/standards/marcxml/schema/MARC21slim.xsd"
    xmlns="http://www.loc.gov/MARC21/slim">

  <leader>02122cam a22003971a 4500</leader>
  <controlfield tag="001">he 68002486 </controlfield>
  <controlfield tag="003">DLC</controlfield>
  <controlfield tag="005">20260227111502.0</controlfield>
  <controlfield tag="008">970826m19649999is            000 0 hebo </controlfield>
  <datafield tag="010" ind1=" " ind2=" ">
    <subfield code="a">he 68002486 </subfield>
  </datafield>
  <datafield tag="035" ind1=" " ind2=" ">
    <subfield code="a">(CStRLIN)DCLH97-B1614</subfield>
  </datafield>
  <datafield tag="040" ind1=" " ind2=" ">
    <subfield code="a">DLC</subfield>
    <subfield code="c">DLC</subfield>
    <subfield code="d">DLC-R</subfield>
    <subfield code="d">DLC</subfield>
  </datafield>
  <datafield tag="050" ind1="0" ind2="0">
    <subfield code="a">BM522.93</subfield>
    <subfield code="b">.O8 1963</subfield>
  </datafield>
  <datafield tag="066" ind1=" " ind2=" ">
    <subfield code="c">(2</subfield>
  </datafield>
  <datafield tag="100" ind1="1" ind2=" ">
    <subfield code="6">880-01</subfield>
    <subfield code="a">Yosef, Ovadia.</subfield>
  </datafield>
  <datafield tag="240" ind1="1" ind2="0">
    <subfield code="6">880-02</subfield>
    <subfield code="a">She&#x2BC;elot u-teshuvot Yabi&#x2BB;a omer</subfield>
  </datafield>
  <datafield tag="245" ind1="1" ind2="0">
    <subfield code="6">880-03</subfield>
    <subfield code="a">Sefer She&#x2BC;elot u-teshuvot Yabi&#x2BB;a omer :</subfield>
    <subfield code="b">kolel she&#x2BC;elot u-teshuvot &#x1E7F;e-&#x1E25;i&#x1E33;re halakhot u-verure dinim la-halakhah ule-ma&#x2BB;a&#x15B;eh : &#x2BB;al arba&#x2BB;ah &#x1E25;el&#x1E33;e ha-Shul&#x1E25;an &#x2BB;arukh ... /</subfield>
    <subfield code="c">&#x1E25;ibarti&#x1E7F; &#x1E7F;a-&#x2BB;arakhti&#x1E7F; &#x2BB;Ovadyah Yosef.</subfield>
  </datafield>
  <datafield tag="246" ind1="3" ind2="0">
    <subfield code="6">880-04</subfield>
    <subfield code="a">She&#x2BC;elot u-teshuvot Yabi&#x2BB;a omer</subfield>
  </datafield>
  <datafield tag="246" ind1="1" ind2=" ">
    <subfield code="6">880-05</subfield>
    <subfield code="i">Vol. 7-&lt;11&gt; have title:</subfield>
    <subfield code="a">Sefer Yabi&#x2BB;a omer</subfield>
  </datafield>
  <datafield tag="246" ind1="1" ind2="7">
    <subfield code="6">880-06</subfield>
    <subfield code="a">Yabi&#x2BB;a omer</subfield>
  </datafield>
  <datafield tag="246" ind1="1" ind2="8">
    <subfield code="6">880-07</subfield>
    <subfield code="a">Shut Yabi&#x2BB;a omer</subfield>
  </datafield>
  <datafield tag="260" ind1=" " ind2=" ">
    <subfield code="6">880-08</subfield>
    <subfield code="a">Yerushalayim :</subfield>
    <subfield code="b">ha-Yeshivah ha-gedolah "Porat Yosef" be-siyu&#x2BB;a Mosad ha-Rav &#x1E32;u&#x1E33;,</subfield>
    <subfield code="c">&lt;724-769 [1963 or 1964-2009]&gt;</subfield>
  </datafield>
  <datafield tag="300" ind1=" " ind2=" ">
    <subfield code="a">v. &lt;4-11&gt; ;</subfield>
    <subfield code="c">35 cm.</subfield>
  </datafield>
  <datafield tag="500" ind1=" " ind2=" ">
    <subfield code="a">"Mahadurat Renner&#x1E6D;"--V. 11.</subfield>
  </datafield>
  <datafield tag="500" ind1=" " ind2=" ">
    <subfield code="a">Vol. 9-&lt;11&gt;  published: Mekhon "Me&#x2BC;or Yi&#x15B;ra&#x2BC;el."</subfield>
  </datafield>
  <datafield tag="500" ind1=" " ind2=" ">
    <subfield code="a">Vol. 11 called "&#x1E24;ele&#x1E33; ha-mafte&#x1E25;ot."</subfield>
  </datafield>
  <datafield tag="650" ind1=" " ind2="0">
    <subfield code="a">Responsa</subfield>
    <subfield code="y">1800-1948.</subfield>
  </datafield>
  <datafield tag="880" ind1="1" ind2=" ">
    <subfield code="6">100-01/(2/r</subfield>
    <subfield code="a">&#x5D9;&#x5D5;&#x5E1;&#x5E3;, &#x5E2;&#x5D5;&#x5D1;&#x5D3;&#x5D9;&#x5D4;.</subfield>
  </datafield>
  <datafield tag="880" ind1="1" ind2="0">
    <subfield code="6">240-02/(2/r</subfield>
    <subfield code="a">&#x5E9;&#x5D0;&#x5DC;&#x5D5;&#x5EA; &#x5D5;&#x5EA;&#x5E9;&#x5D5;&#x5D1;&#x5D5;&#x5EA; &#x5D9;&#x5D1;&#x5D9;&#x5E2; &#x5D0;&#x5D5;&#x5DE;&#x5E8;</subfield>
  </datafield>
  <datafield tag="880" ind1="1" ind2="0">
    <subfield code="6">245-03/(2/r</subfield>
    <subfield code="a">&#x5E1;&#x5E4;&#x5E8; &#x5E9;&#x5D0;&#x5DC;&#x5D5;&#x5EA; &#x5D5;&#x5EA;&#x5E9;&#x5D5;&#x5D1;&#x5D5;&#x5EA; &#x5D9;&#x5D1;&#x5D9;&#x5E2; &#x5D0;&#x5D5;&#x5DE;&#x5E8; :</subfield>
    <subfield code="b">&#x5DB;&#x5D5;&#x5DC;&#x5DC; &#x5E9;&#x5D0;&#x5DC;&#x5D5;&#x5EA; &#x5D5;&#x5EA;&#x5E9;&#x5D5;&#x5D1;&#x5D5;&#x5EA; &#x5D5;&#x5D7;&#x5E7;&#x5E8;&#x5D9; &#x5D4;&#x5DC;&#x5DB;&#x5D5;&#x5EA; &#x5D5;&#x5D1;&#x5D9;&#x5E8;&#x5D5;&#x5E8;&#x5D9; &#x5D3;&#x5D9;&#x5E0;&#x5D9;&#x5DD; &#x5DC;&#x5D4;&#x5DC;&#x5DB;&#x5D4; &#x5D5;&#x5DC;&#x5DE;&#x5E2;&#x5E9;&#x5D4; : &#x5E2;&#x5DC; &#x5D0;&#x5E8;&#x5D1;&#x5E2;&#x5D4; &#x5D7;&#x5DC;&#x5E7;&#x5D9; &#x5D4;&#x5E9;&#x5DC;&#x5D7;&#x5DF; &#x5E2;&#x5E8;&#x5D5;&#x5DA; ... /</subfield>
    <subfield code="c">&#x5D7;&#x5D1;&#x5E8;&#x5EA;&#x5D9;&#x5D5; &#x5D5;&#x5E2;&#x5E8;&#x5DB;&#x5EA;&#x5D9;&#x5D5; &#x5E2;&#x5D5;&#x5D1;&#x5D3;&#x5D9;&#x5D4; &#x5D9;&#x5D5;&#x5E1;&#x5E3;.</subfield>
  </datafield>
  <datafield tag="880" ind1="3" ind2="0">
    <subfield code="6">246-04/(2/r</subfield>
    <subfield code="a">&#x5E9;&#x5D0;&#x5DC;&#x5D5;&#x5EA; &#x5D5;&#x5EA;&#x5E9;&#x5D5;&#x5D1;&#x5D5;&#x5EA; &#x5D9;&#x5D1;&#x5D9;&#x5E2; &#x5D0;&#x5D5;&#x5DE;&#x5E8;</subfield>
  </datafield>
  <datafield tag="880" ind1="1" ind2=" ">
    <subfield code="6">246-05/(2/r</subfield>
    <subfield code="i">Vol. 7-&lt;11&gt; have title:</subfield>
    <subfield code="a">&#x5E1;&#x5E4;&#x5E8; &#x5D9;&#x5D1;&#x5D9;&#x5E2; &#x5D0;&#x5D5;&#x5DE;&#x5E8;</subfield>
  </datafield>
  <datafield tag="880" ind1="1" ind2="7">
    <subfield code="6">246-06/(2/r</subfield>
    <subfield code="a">&#x5D9;&#x5D1;&#x5D9;&#x5E2; &#x5D0;&#x5D5;&#x5DE;&#x5E8;</subfield>
  </datafield>
  <datafield tag="880" ind1="1" ind2="8">
    <subfield code="6">246-07/(2/r</subfield>
    <subfield code="a">&#x5E9;&#x5D5;&#x5F4;&#x5EA; &#x5D9;&#x5D1;&#x5D9;&#x5E2; &#x5D0;&#x5D5;&#x5DE;&#x5E8;</subfield>
  </datafield>
  <datafield tag="880" ind1=" " ind2=" ">
    <subfield code="6">260-08/(2/r</subfield>
    <subfield code="a">&#x5D9;&#x5E8;&#x5D5;&#x5E9;&#x5DC;&#x5D9;&#x5DD; :</subfield>
    <subfield code="b">&#x5D4;&#x5D9;&#x5E9;&#x5D9;&#x5D1;&#x5D4; &#x5D4;&#x5D2;&#x5D3;&#x5D5;&#x5DC;&#x5D4; &#x5F4;&#x5E4;&#x5D5;&#x5E8;&#x5EA; &#x5D9;&#x5D5;&#x5E1;&#x5E3;&#x5F4; &#x5D1;&#x5E1;&#x5D9;&#x5D5;&#x5E2; &#x5DE;&#x5D5;&#x5E1;&#x5D3; &#x5D4;&#x5E8;&#x5D1; &#x5E7;&#x5D5;&#x5E7;,</subfield>
    <subfield code="c">&lt;724-769 [1963 or 1964-2009]&gt;</subfield>
  </datafield>
  <datafield tag="999" ind1=" " ind2=" ">
    <subfield code="c">33619</subfield>
    <subfield code="d">33619</subfield>
  </datafield>
</record>
